| 000 | 00438nam a22001697a 4500 | ||
|---|---|---|---|
| 005 | 20160520104442.0 | ||
| 008 | 160520b xxu||||| |||| 00| 0 eng d | ||
| 020 | _a978-81-203-0752-0 | ||
| 041 | _aeng | ||
| 082 | _b3392 | ||
| 100 |
_aHeltrick A.D & William D Woper _9851 |
||
| 245 | _aModern Electronic instroment | ||
| 260 |
_aNew Delhi _bPHI learning Pvt. Ltd. |
||
| 300 | _a442 | ||
| 650 |
_aDIPLOMA ENGINEERING _9817 |
||
| 942 | _cBK | ||
| 999 |
_c1166 _d1166 |
||